<?xml version="1.0" encoding="UTF-8"?>
<record
    xmlns:xsi="http://www.w3.org/2001/XMLSchema-instance"
    xsi:schemaLocation="http://www.loc.gov/MARC21/slim http://www.loc.gov/standards/marcxml/schema/MARC21slim.xsd"
    xmlns="http://www.loc.gov/MARC21/slim">

  <leader>01158nam0a2200301   4500</leader>
  <controlfield tag="001">RU\NLR\ONL2\19123</controlfield>
  <controlfield tag="005">20250613131812.0</controlfield>
  <datafield tag="010" ind1=" " ind2=" ">
    <subfield code="a">978-5-7534-1188-4</subfield>
    <subfield code="9">500</subfield>
  </datafield>
  <datafield tag="035" ind1=" " ind2=" ">
    <subfield code="a">(NLR Aleph) 009666708</subfield>
  </datafield>
  <datafield tag="090" ind1=" " ind2=" ">
    <subfield code="a">9640605</subfield>
    <subfield code="c">9640605</subfield>
  </datafield>
  <datafield tag="100" ind1=" " ind2=" ">
    <subfield code="a">20101124d2009    |||y0rusy50      ca</subfield>
  </datafield>
  <datafield tag="101" ind1="0" ind2=" ">
    <subfield code="a">oss</subfield>
  </datafield>
  <datafield tag="102" ind1=" " ind2=" ">
    <subfield code="a">RU</subfield>
  </datafield>
  <datafield tag="105" ind1=" " ind2=" ">
    <subfield code="a">c |||||||||</subfield>
  </datafield>
  <datafield tag="200" ind1="1" ind2=" ">
    <subfield code="a">&#x427;&#x438;&#x43D;&#x44B;&#x433; - &#x446;&#x430;&#x440;&#x434;&#x44B; &#x430;&#x439;&#x434;&#x4D5;&#x43D;</subfield>
    <subfield code="e">&#x43B;&#x438;&#x442;&#x435;&#x440;&#x430;&#x442;&#x443;&#x440;&#x43E;&#x43D;-&#x43A;&#x440;&#x438;&#x442;&#x438;&#x43A;&#x43E;&#x43D; &#x443;&#x430;&#x446;&#x442;&#x4D5;</subfield>
    <subfield code="f">&#x4D4;&#x43B;&#x431;&#x43E;&#x440;&#x442;&#x44B; &#x425;&#x430;&#x434;&#x437;&#x44B;-&#x423;&#x43C;&#x430;&#x440;</subfield>
  </datafield>
  <datafield tag="210" ind1=" " ind2=" ">
    <subfield code="a">&#x414;&#x437;&#x4D5;&#x443;&#x434;&#x436;&#x44B;&#x445;&#x44A;&#x4D5;&#x443;</subfield>
    <subfield code="c">&#x418;&#x440;</subfield>
    <subfield code="d">2009</subfield>
  </datafield>
  <datafield tag="215" ind1=" " ind2=" ">
    <subfield code="a">238,[2] &#x441;.</subfield>
    <subfield code="c">&#x43F;&#x43E;&#x440;&#x442;&#x440;.</subfield>
    <subfield code="d">22</subfield>
  </datafield>
  <datafield tag="541" ind1="1" ind2=" ">
    <subfield code="6">z01790</subfield>
    <subfield code="a">&#x41A;&#x43D;&#x438;&#x433;&#x430; - &#x437;&#x435;&#x440;&#x43A;&#x430;&#x43B;&#x43E; &#x436;&#x438;&#x437;&#x43D;&#x438;</subfield>
    <subfield code="e">&#x43B;&#x438;&#x442;&#x435;&#x440;&#x430;&#x442;&#x443;&#x440;&#x43D;&#x43E;-&#x43A;&#x440;&#x438;&#x442;&#x438;&#x447;&#x435;&#x441;&#x43A;&#x438;&#x435; &#x441;&#x442;&#x430;&#x442;&#x44C;&#x438;</subfield>
    <subfield code="z">rus</subfield>
  </datafield>
  <datafield tag="606" ind1="0" ind2=" ">
    <subfield code="a">&#x41E;&#x441;&#x435;&#x442;&#x438;&#x43D;&#x441;&#x43A;&#x430;&#x44F; &#x43B;&#x438;&#x442;&#x435;&#x440;&#x430;&#x442;&#x443;&#x440;&#x430;</subfield>
    <subfield code="x">&#x418;&#x441;&#x442;&#x43E;&#x440;&#x438;&#x44F;</subfield>
    <subfield code="9">2175875</subfield>
    <subfield code="3">RU\NLR\auth-onl\66288</subfield>
  </datafield>
  <datafield tag="686" ind1="1" ind2=" ">
    <subfield code="a">&#x428;5(2=&#x41E;&#x441;&#x435;&#x442;)7-3</subfield>
  </datafield>
  <datafield tag="700" ind1=" " ind2="1">
    <subfield code="a">&#x4D4;&#x43B;&#x431;&#x43E;&#x440;&#x442;&#x44B;</subfield>
    <subfield code="b">&#x425;. -&#x423;.</subfield>
    <subfield code="g">&#x425;&#x430;&#x434;&#x437;&#x44B;-&#x423;&#x43C;&#x430;&#x440;</subfield>
    <subfield code="4">070</subfield>
  </datafield>
  <datafield tag="790" ind1=" " ind2="1">
    <subfield code="6">z01541</subfield>
    <subfield code="a">&#x410;&#x43B;&#x431;&#x43E;&#x440;&#x43E;&#x432;</subfield>
    <subfield code="b">&#x425;. -&#x423;. &#x41D;.</subfield>
    <subfield code="g">&#x425;&#x430;&#x434;&#x437;&#x44B;-&#x423;&#x43C;&#x430;&#x440; &#x41D;&#x435;&#x441;&#x442;&#x435;&#x440;&#x43E;&#x432;&#x438;&#x447;</subfield>
    <subfield code="4">070</subfield>
  </datafield>
  <datafield tag="801" ind1=" " ind2="0">
    <subfield code="a">RU</subfield>
    <subfield code="b">NLR</subfield>
    <subfield code="c">20101124</subfield>
    <subfield code="g">PSBO</subfield>
  </datafield>
  <datafield tag="852" ind1=" " ind2=" ">
    <subfield code="a">NLR</subfield>
    <subfield code="b">&#x41E;&#x41D;&#x41B;</subfield>
    <subfield code="j">&#x41E;&#x441;&#x435;&#x442;./3-2373</subfield>
  </datafield>
  <datafield tag="942" ind1=" " ind2=" ">
    <subfield code="c">BOOK</subfield>
  </datafield>
  <datafield tag="980" ind1=" " ind2=" ">
    <subfield code="a">NB</subfield>
  </datafield>
  <datafield tag="980" ind1=" " ind2=" ">
    <subfield code="a">ONL_RF</subfield>
  </datafield>
  <datafield tag="995" ind1=" " ind2=" ">
    <subfield code="5">2013-10-26</subfield>
    <subfield code="b">NLR01</subfield>
    <subfield code="c">NLR01</subfield>
    <subfield code="e">ONL</subfield>
    <subfield code="f">9666708-10</subfield>
    <subfield code="k">&#x41E;&#x441;&#x435;&#x442;./3-2373</subfield>
    <subfield code="o">0</subfield>
    <subfield code="r">BOOK</subfield>
    <subfield code="s">32373_</subfield>
  </datafield>
</record>
